000 00613nam a2200229Ia 4500
003 OSt
005 20220918205306.0
006 a|||||r|||| 00| 0
007 ta
008 220917b |||||||| |||| 00| 0 eng d
024 _a116,031
037 _cTextual
040 _aARTS
_cARTS
_beng
041 _2eng
_aeng
082 _aV6.N, 122L4 (
100 _aKalck Pierre
_911223
245 0 _aHistorire de la republique centrfricaine
260 _aParis
_bEditions Berger levieault
_c1974
650 _aHISTORY
942 _hV6.N, 122L4 (
_cTEXL
_2CC
999 _c239359
_d239359